000 00540cam a2200157 a 4500
020 _a0750691484 (pbk.)
082 0 0 _a692.3
_bLOH
_cL-14, P-185
100 1 _aLohmann, William T.
_945474
245 1 0 _aConstruction specifications :
_bmanaging the review process /
_cWilliam T. Lohmann.
260 _aBoston :
_bButterworth Architecture,
_cc1992.
300 _a1 v. (in various pagings) :
_bill. ;
_c28 cm.
526 _a0
_b0
_c0
_d692_300000000000000_LOH
650 0 _aBuildings
_xSpecifications.
_945367
650 0 _aMCE
_9379
942 _2ddc
_cBK
999 _c548988
_d548988